Schnelle Mathematik: Vielfachen von 13 - Statistiken

Allgemein
  • Dieses Quiz wurde 356 mal gespielt
  • Das Durchschnittsergebnis liegt bei 8 aus 10
Antwortstatistiken
Hint Antwort % Korrekt
1*13 13
100%
2*13 26
100%
3*13 39
100%
4*13 52
99%
5*13 65
90%
6*13 78
77%
7*13 91
64%
8*13 104
49%
10*13 130
39%
9*13 117
36%
Keine übereinstimmenden Quizze gefunden
Verteilung der Resultate
Anzahl Personen mit jedem Resultat
Perzentil nach korrekt beantworteten Fragen
Ihre Resultats-Entwicklung
Sie haben dieses Quiz noch nicht gespielt